000 01198nmm a2200397 a 4500
003 AR-BaBNM
005 20251128204233.0
008 011101s1992 ||||||||||||||000 | spa||
020 _a950-9467-28-6
040 _cAR-BaBNM
100 1 _aDuschatzky, Silvia
245 1 0 _aFormación de profesores
_bimpacto, pasado y presente
260 _aBuenos Aires
_bMiño y Dávila
_c1992
300 _a178 p.
_bcuadros
504 _aContiene bibliografía y cuadros estadísticos
650 4 _aFORMACION DE DOCENTES
650 4 _aFORMACION PROFESIONAL
650 4 _aCRISIS DE LA EDUCACION
650 4 _aEDUCACION
650 4 _aCALIDAD DE LA EDUCACION
650 4 _aMEJORA DE LA EDUCACION
650 4 _aREFORMA DE LA EDUCACION
650 4 _aPRACTICA DOCENTE
650 4 _aPROFESORES DE SECUNDARIA
651 4 _aArgentina
653 _aEDUCACION SECUNDARIA
653 _aMODELOS EDUCATIVOS
653 _aNIVEL EDUCATIVO
700 1 _aBraslavsky, Cecilia
_ecompilador
700 1 _aBirgin, Alejandra
_ecompilador
700 1 _aKisilevsky, Marta
700 1 _aPinkasz, Daniel
710 2 _aFacultad Latinoamericana de Ciencias Sociales
_9FLACSO
942 _cBK
998 _cCarmen
999 _c6657
_d6657